000
00249 a2200097 4500
001
54759
100
_a
Farhat Ishtiaq
245
_a
Dil say niklien hain jo lafz
260
_a
Karachi
_b
Khawateen Digest, Karachi
_c
2006
090
_c
33967
_d
33967
942
_a
NUST-CAE
_c
MONOGRAPH
_c
26632
999
_c
289832
_d
289832